Heracles Twelve Labors - Statistics

General Stats
  • This quiz has been taken 31 times
  • The average score is 7 of 14
Answer Stats
Hint Answer % Correct
The First Labor Was To Kill The Nemean ____ Lion
96%
The Twelfth Labor Was To Capture _____, Guardian Of The Underworld Cerberus
79%
The Second Labor Was To Kill The _____ Hydra
75%
The Fourth Labor Was To Capture The Erymanthian ____ Boar
71%
The Ninth Labor Was To Steal The Gridle Of The Queen Of The ________. Amazons
57%
The Sixth Labor Was To Kill The Stymphalian ____ Birds
57%
The Eleventh Labor Was To Steal The Hesperidean _____ Apples
54%
The Seventh Labor Was To Capture The ___ Bull Cretan
43%
The Tenth Labor Was To Steal The ____ of Geryon Cattle
36%
The Third Labor Was To Capture The Ceryneian ____ Hind
36%
The Eighth Labor Was To Steal The ____ Of Diomedes Mares
29%
Who Helped Heracles Kill The Hydra? Iolaus
14%
The Fifth Labor Was To Clean What Stable? Augeas
7%
What Rivers Did He Redirect To Clean The Stables? Alpheus and Peneus
4%
No matching quizzes found
Score Distribution
Percent of People with Each Score
Percentile by Number Answered
Your Score History
You have not taken this quiz